000
00186 a2200097 4500
020
_a
978987193269
041
_a
spa
100
_a
Fiona Goble
245
_a
Gorros de Animales
942
_c
BK
999
_c
14785
_d
14785